| 000 | 00998nas a2200325 4500 | ||
|---|---|---|---|
| 001 | BR2014005998 | ||
| 003 | BR-BrBNA | ||
| 005 | 20231205124533.0 | ||
| 007 | ta | ||
| 008 | 230509b bl.|||p| |||| 00| 00por d | ||
| 040 |
_aBR-BrBNA _bpor _cBiblioteca Nacional de Agricultura |
||
| 041 | _a(Pt) | ||
| 072 | _aL02 | ||
| 100 | 1 | _aPagliosa, G.M. | |
| 100 | 1 | _aAlves, G.E.S. | |
| 100 | 1 | _aFaleiros, R.R. | |
| 100 | 1 | _aSaliba, E.O.S. | |
| 100 | 1 | _aSampaio, I.B.M. | |
| 100 | 1 | _aGomes, T.L.S. | |
| 100 | 1 | _aGobesso, A.A.O. | |
| 100 | 1 | _aFantini, P. | |
| 245 | 1 | _aInfluência das pontas excessivas de esmalte dentário da digestibilidade e nutrientes de dietas de eqüinos | |
| 650 | _aEQÜINO | ||
| 650 | _aDIGESTIBILIDADE | ||
| 650 | _aDIETA | ||
| 650 | _aCARBOIDRATO | ||
| 773 | 0 |
_tArquivo Brasileiro de Medicina Veterinária e Zootecnia (Brazil) _xISSN 0102-0935 _g(Feb 2006), v. 58(1) p. 94-98 _wBR2014005998 |
|
| 909 |
_a202311 _bLúcia _c55 _dLúcia Elande |
||
| 942 |
_2AGRIS _n0 _cANA |
||
| 999 |
_c239596 _d239596 |
||